[Event "82nd Tata Steel Qualifiers 2020"]
[Site "Wijk aan Zee"]
[Date "2020.01.18"]
[Round "2.3"]
[White "Van Dael, Siem"]
[Black "Zwirs, Nico"]
[Result "0-1"]
[WhiteElo "2252"]
[BlackElo "2418"]
[Annotator "ChessBase"]
[PlyCount "76"]
[EventDate "2020.01.18"]
[EventCountry "NED"]
[SourceTitle "playchess.com"]
[Source "ChessBase"]
[SourceQuality "1"]
[TimeControl "40/6000+30:20/3000+30:900+30"]

1. e4 {[%emt 0:00:00]} c5 {[%emt 0:00:00]} 2. Nf3 {[%emt 0:00:00]} d6 {[%emt 0:00:00]} 3. d4 {[%emt 0:00:00]} cxd4 {[%emt 0:00:00]} 4. Nxd4 {[%emt 0:00:00]} Nf6 {[%emt 0:00:00]} 5. Nc3 {[%emt 0:00:00]} a6 {[%emt 0:00:12]} 6. Be3 {[%emt 0:00:00]} e5 {[%emt 0:00:09]} 7. Nf3 {[%emt 0:00:00]} Be7 {[%emt 0:07:45]} 8. Bc4 {[%emt 0:00:11]} O-O {[%emt 0:00:18]} 9. O-O {[%emt 0:00:09]} Nc6 {[%emt 0:06:42]} 10. Bb3 {[%emt 0:01:15]} h6 {[%emt 0:16:14]} 11. Qe2 {[%emt 0:02:30]} Na5 {[%emt 0:13:35]} 12. Nd5 {[%emt 0:05:53]} Nxb3 {[%emt 0:01:33]} 13. Bb6 {[%emt 0:04:50]} Qd7 {[%emt 0:05:36]} 14. axb3 {[%emt 0:13:15]} Nxd5 {[%emt 0:00:29]} 15. exd5 {[%emt 0:00:07]} Bd8 {[%emt 0:05:30]} 16. Qe3 {[%emt 0:02:01]} f5 {[%emt 0:01:04]} 17. Bxd8 {[%emt 0:02:40]} Qxd8 {[%emt 0:00:02]} 18. Nd2 {[%emt 0:01:25]} f4 {[%emt 0:11:58]} 19. Qd3 {[%emt 0:05:57]} Bf5 {[%emt 0:02:13]} 20. Ne4 {[%emt 0:00:38]} Bxe4 {[%emt 0:00:48]} 21. Qxe4 {[%emt 0:00:09]} f3 {[%emt 0:00:09]} 22. gxf3 {[%emt 0:07:05]} Rf4 {[%emt 0:03:36]} 23. Qg6 {[%emt 0:01:20]} Rxf3 {[%emt 0:05:15]} 24. Ra4 {[%emt 0:01:40]} Qd7 {[%emt 0:05:45]} 25. Rb4 {[%emt 0:08:38]} Rf6 {[%emt 0:02:17]} 26. Qd3 {[%emt 0:05:40]} Raf8 {[%emt 0:01:02]} 27. Kg2 {[%emt 0:01:45]} Rf4 {[%emt 0:03:46]} 28. Rxf4 {[%emt 0:17:34]} Rxf4 {[%emt 0:00:01]} 29. c3 {[%emt 0:04:27]} e4 {[%emt 0:05:27]} 30. Qe2 {[%emt 0:01:15]} Qf5 {[%emt 0:03:59]} 31. Rd1 {[%emt 0:02:35]} Rh4 {[%emt 0:02:28]} 32. Qe3 {[%emt 0:02:59]} Qg6+ {[%emt 0:02:26]} 33. Kf1 {[%emt 0:03:08]} Rxh2 {[%emt 0:03:00]} 34. Ke2 {[%emt 0:00:17]} Qg4+ {[%emt 0:00:00]} 35. Kd2 {[%emt 0:00:14]} Rh3 {[%emt 0:01:46]} 36. Rg1 {[%emt 0:03:23]} Qxg1 {[%emt 0:00:00]} 37. Qxh3 {[%emt 0:01:06]} Qxf2+ {[%emt 0:00:24]} 38. Kc1 {[%emt 0:01:28]} Kh7 {[%emt 0:00:47]} 0-1

[Event "82nd Tata Steel Qualifiers 2020"]
[Site "Wijk aan Zee"]
[Date "2020.01.18"]
[Round "2.4"]
[White "De Boer, Eelke"]
[Black "Beukema, Stefan"]
[Result "1-0"]
[WhiteElo "2324"]
[BlackElo "2389"]
[Annotator "ChessBase"]
[PlyCount "87"]
[EventDate "2020.01.18"]
[EventCountry "NED"]
[SourceTitle "playchess.com"]
[Source "ChessBase"]
[SourceQuality "1"]
[TimeControl "40/6000+30:20/3000+30:900+30"]

1. e4 {[%emt 0:00:00]} e5 {[%emt 0:00:20]} 2. Nf3 {[%emt 0:00:00]} Nc6 {[%emt 0:00:04]} 3. Bb5 {[%emt 0:00:00]} a6 {[%emt 0:04:11]} 4. Ba4 {[%emt 0:00:00]} Nf6 {[%emt 0:00:19]} 5. O-O {[%emt 0:00:08]} Be7 {[%emt 0:00:08]} 6. d3 {[%emt 0:00:07]} b5 {[%emt 0:00:21]} 7. Bb3 {[%emt 0:00:06]} d6 {[%emt 0:00:14]} 8. a3 {[%emt 0:01:41]} Be6 {[%emt 0:01:10]} 9. Bxe6 {[%emt 0:00:00]} fxe6 {[%emt 0:00:17]} 10. c3 {[%emt 0:00:13]} O-O {[%emt 0:01:13]} 11. Re1 {[%emt 0:01:47]} Nd7 {[%emt 0:03:28]} 12. d4 {[%emt 0:15:17]} Bf6 {[%emt 0:00:38]} 13. a4 {[%emt 0:06:45]} exd4 {[%emt 0:09:45]} 14. cxd4 {[%emt 0:00:16]} b4 {[%emt 0:07:10]} 15. Be3 {[%emt 0:02:03]} Na5 {[%emt 0:00:00]} 16. Nbd2 {[%emt 0:06:48]} d5 {[%emt 0:15:03]} 17. e5 {[%emt 0:11:11]} Be7 {[%emt 0:00:00]} 18. Rc1 {[%emt 0:00:22]} c5 {[%emt 0:00:00]} 19. dxc5 {[%emt 0:00:45]} Rc8 {[%emt 0:00:00]} 20. Nd4 {[%emt 0:07:25]} Nxc5 {[%emt 0:00:00]} 21. Rxc5 {[%emt 0:00:55]} Bxc5 {[%emt 0:00:00]} 22. Nxe6 {[%emt 0:02:30]} Bxe3 {[%emt 0:00:00]} 23. Rxe3 {[%emt 0:00:19]} d4 {[%emt 0:00:00]} 24. Rd3 {[%emt 0:12:26]} Qd5 {[%emt 0:00:00]} 25. Nxf8 {[%emt 0:00:13]} Kxf8 {[%emt 0:00:00]} 26. h3 {[%emt 0:08:37]} Nc6 {[%emt 0:03:19]} 27. f4 {[%emt 0:10:46]} Qa2 {[%emt 0:08:01]} 28. Qb3 {[%emt 0:09:41]} Qa1+ {[%emt 0:02:04]} 29. Kf2 {[%emt 0:02:36]} Qc1 {[%emt 0:00:00]} 30. Nf1 {[%emt 0:05:26]} Ke7 {[%emt 0:01:27]} 31. g3 {[%emt 0:02:45]} Rf8 32. Rd2 {[%emt 0:01:53]} g5 {[%emt 0:05:57]} 33. Rc2 {[%emt 0:00:30]} Qd1 {[%emt 0:00:30]} 34. Qc4 {[%emt 0:07:30]} gxf4 {[%emt 0:07:12]} 35. Qc5+ {[%emt 0:00:00]} Kf7 {[%emt 0:00:04]} 36. Qxc6 {[%emt 0:00:00]} fxg3+ {[%emt 0:00:05]} 37. Kxg3 {[%emt 0:00:00]} Kg7 {[%emt 0:01:37]} 38. Rf2 {[%emt 0:00:00]} Qe1 {[%emt 0:01:42]} 39. Qd7+ {[%emt 0:00:00]} Kg8 {[%emt 0:01:08]} 40. Qxd4 {[%emt 0:00:00]} Rxf2 {[%emt 0:00:05]} 41. Qxf2 {[%emt 0:47:04]} Qxe5+ {[%emt 0:50:04]} 42. Kg2 {[%emt 0:00:20]} Qd5+ {[%emt 0:00:15]} 43. Qf3 {[%emt 0:01:07]} Qd4 {[%emt 0:00:17]} 44. Qg4+ {[%emt 0:00:10]} 1-0

[Event "82nd Tata Steel Qualifiers 2020"]
[Site "Wijk aan Zee"]
[Date "2020.01.18"]
[Round "2.5"]
[White "Suleymanli, Aydin"]
[Black "Pijpers, Arthur"]
[Result "1-0"]
[WhiteElo "2473"]
[BlackElo "2480"]
[Annotator "TA"]
[PlyCount "75"]
[EventDate "2020.01.18"]
[EventCountry "NED"]
[SourceTitle "playchess.com"]
[Source "ChessBase"]
[SourceQuality "1"]

{[%evp 24,84,0,0,0,0,0,0,0,0,0,-16,0,-23,-39,-50,-32,-70,0,-22,0,-91,-89,-109,-101,-128,-89,-89,-38,-23,-27,-23,-25,-25,-24,-32,-29,-36,-18,-61,-25,-59,-50,-60,-20,-24,-6,-25,-27,-51,0,-15,14,31,469,468,467,449,459,454,528,464,29999]} 1. d4 Nf6 2. c4 g6 3. Nc3 Bg7 4. e4 d6 5. f4 c5 6. d5 O-O 7. Nf3 e6 8. Be2 exd5 9. cxd5 b5 10. e5 dxe5 11. fxe5 Ng4 12. Bg5 Qb6 13. O-O a6 {A68: Modern Benoni: Four Pawns Attack without 9...Re8} 14. d6 Be6 $1 15. Nd5 Bxd5 $1 {The position is equal.} 16. Qxd5 Nd7 17. e6 $146 ({Predecessor:} 17. Kh1 Rae8 18. Qe4 Ngxe5 19. Be7 Nc6 20. Qh4 h6 21. Rad1 {½-½ (37) Meyer,K (2427)-Tyulenko,Y (2423) ICCF email 2015}) 17... Ngf6 18. Bxf6 Nxf6 19. Qe5 $1 Nh5 20. Qd5 $1 {e7 is the strong threat.} Nf6 21. Qe5 $1 ({Much weaker is} 21. exf7+ Rxf7 22. Qxa8+ Rf8 $17) 21... Nh5 22. Qe4 {[#]} (22. Qd5 $1 $11 {keeps the balance.} fxe6 23. Qxe6+ Kh8 24. Ne5) 22... f5 $1 $17 {[%cal Rf5e4]} 23. Qe3 Qxd6 24. Rad1 f4 {And now ...Qxd1 would win.} 25. Qb3 {[#]} c4 (25... Qe7 $1 $17 {Threatens to win with ...Rae8.} 26. Rd7 c4 27. Rxe7 cxb3 28. axb3 Bxb2) 26. Rxd6 $15 cxb3 27. axb3 Bxb2 28. Ng5 Nf6 29. Bf3 Ra7 30. Re1 Re8 31. Nf7 Kg7 {Hoping for ...Rxf7.} 32. Nd8 Ba3 33. Rd3 Bc5+ 34. Kf1 Be3 35. Red1 Rc7 36. Rd6 g5 {Strongly threatening ...g4.} 37. Nc6 {aiming for Rd7+!} Kf8 38. Rd8 {Played: e6-e7} 1-0

[Event "82nd Tata Steel Qualifiers 2020"]
[Site "Wijk aan Zee"]
[Date "2020.01.19"]
[Round "3.2"]
[White "Pijpers, Arthur"]
[Black "De Boer, Eelke"]
[Result "1-0"]
[WhiteElo "2480"]
[BlackElo "2324"]
[Annotator "ChessBase"]
[PlyCount "73"]
[EventDate "2020.01.18"]
[EventCountry "NED"]
[SourceTitle "playchess.com"]
[Source "ChessBase"]
[SourceQuality "1"]
[TimeControl "40/6000+30:20/3000+30:900+30"]

1. e4 {[%emt 0:00:00]} c5 {[%emt 0:00:00]} 2. Nf3 {[%emt 0:00:00]} d6 {[%emt 0:00:00]} 3. d4 {[%emt 0:00:00]} cxd4 {[%emt 0:00:00]} 4. Nxd4 {[%emt 0:00:00]} Nf6 {[%emt 0:00:08]} 5. Nc3 {[%emt 0:00:00]} a6 {[%emt 0:00:09]} 6. Bg5 {[%emt 0:00:00]} Nbd7 {[%emt 0:00:07]} 7. f4 {[%emt 0:00:00]} Qa5 {[%emt 0:00:11]} 8. Qd3 {[%emt 0:00:00]} h6 {[%emt 0:07:56]} 9. Bxf6 {[%emt 0:00:04]} Nxf6 {[%emt 0:00:11]} 10. f5 {[%emt 0:00:03]} b5 {[%emt 0:17:35]} 11. O-O-O {[%emt 0:14:09]} b4 {[%emt 0:07:02]} 12. Qc4 {[%emt 0:28:36]} Bb7 {[%emt 0:09:41]} 13. Nc6 {[%emt 0:02:26]} Qc5 {[%emt 0:00:14]} 14. Qxc5 {[%emt 0:10:42]} dxc5 {[%emt 0:00:06]} 15. Nb5 {[%emt 0:00:04]} axb5 {[%emt 0:13:20]} 16. Bxb5 {[%emt 0:00:10]} e5 {[%emt 0:00:36]} 17. Na5+ {[%emt 0:04:38]} Ke7 {[%emt 0:00:16]} 18. Nxb7 {[%emt 0:00:05]} g5 {[%emt 0:05:43]} 19. Nxc5 {[%emt 0:30:01]} Bg7 {[%emt 0:07:45]} 20. Na6 {[%emt 0:02:18]} Nxe4 {[%emt 0:03:49]} 21. Nxb4 {[%emt 0:00:58]} Rhc8 {[%emt 0:16:14]} 22. Nd5+ {[%emt 0:02:32]} Kf8 {[%emt 0:00:25]} 23. Nb6 {[%emt 0:00:07]} Nf2 {[%emt 0:02:53]} 24. a4 {[%emt 0:01:50]} Nxh1 {[%emt 0:02:36]} 25. Rxh1 {[%emt 0:00:07]} Ke7 {[%emt 0:01:25]} 26. Rd1 {[%emt 0:01:00]} Rcb8 {[%emt 0:00:58]} 27. Rd7+ {[%emt 0:02:20]} Kf6 {[%emt 0:00:13]} 28. Nxa8 {[%emt 0:00:14]} Rxa8 {[%emt 0:00:06]} 29. g4 {[%emt 0:01:45]} Bf8 {[%emt 0:00:50]} 30. Kd2 {[%emt 0:00:48]} h5 {[%emt 0:00:51]} 31. h3 {[%emt 0:01:11]} hxg4 {[%emt 0:00:53]} 32. hxg4 {[%emt 0:00:04]} e4 {[%emt 0:00:10]} 33. Rd5 {[%emt 0:04:20]} Bb4+ {[%emt 0:02:23]} 34. c3 {[%emt 0:01:00]} Ba5 {[%emt 0:00:05]} 35. Ke3 {[%emt 0:00:17]} Rd8 {[%emt 0:00:52]} 36. Rxd8 {[%emt 0:00:14]} Bxd8 {[%emt 0:00:06]} 37. Kxe4 {[%emt 0:00:03]} 1-0

[Event "82nd Tata Steel Qualifiers 2020"]
[Site "Wijk aan Zee"]
[Date "2020.01.19"]
[Round "3.3"]
[White "Beukema, Stefan"]
[Black "Slingerland, Fred"]
[Result "1-0"]
[WhiteElo "2389"]
[BlackElo "2333"]
[Annotator "RC"]
[PlyCount "57"]
[EventDate "2020.01.18"]
[EventCountry "NED"]
[SourceTitle "playchess.com"]
[Source "ChessBase"]
[SourceQuality "1"]
[TimeControl "40/6000+30:20/3000+30:900+30"]

1. d4 {[%emt 0:00:00]} d5 {[%emt 0:00:00]} 2. Bf4 {[%emt 0:00:00]} Nf6 {[%emt 0:00:00]} 3. e3 {[%emt 0:00:00]} c5 {[%emt 0:00:04]} 4. Nc3 {[%emt 0:00:00]} a6 {[%emt 0:04:14]} 5. dxc5 {[%emt 0:00:17]} Nc6 {[%emt 0:00:30]} 6. a3 {[%emt 0:13:50]} e5 {[%emt 0:06:41]} 7. Bg5 {[%emt 0:00:08]} d4 {[%emt 0:07:11]} 8. exd4 {[%emt 0:05:08]} Nxd4 {[%emt 0:09:03]} 9. Ne4 {[%emt 0:04:56]} Bf5 {[%emt 0:08:00]} 10. Bd3 {[%emt 0:00:18]} Be7 {[%emt 0:01:22]} 11. Bxf6 {[%emt 0:01:04]} gxf6 {[%emt 0:00:21]} 12. c3 {[%emt 0:15:23]} Qd5 {[%emt 0:19:58]} 13. f3 {[%emt 0:04:30]} Nc6 {[%emt 0:02:19]} 14. b4 {[%emt 0:05:43]} Be6 {[%emt 0:06:29]} 15. Qc2 {[%emt 0:02:01]} a5 {[%emt 0:06:11]} 16. Rd1 {[%emt 0:06:53]} axb4 {[%emt 0:04:40]} 17. axb4 {[%emt 0:00:12]} Qd7 {[%emt 0:10:00]} 18. Ne2 {[%emt 0:02:19]} f5 {[%emt 0:04:13]} 19. N4g3 {[%emt 0:00:17]} f4 {[%emt 0:01:40]} 20. Nf5 {[%emt 0:01:35]} Rg8 {[%emt 0:01:29]} 21. O-O {[%emt 0:00:09]} Ra2 {[%emt 0:02:40]} 22. Qb1 {[%emt 0:00:10]} Qc8 {[%emt 0:02:26]} 23. Rf2 {[%emt 0:01:43]} Qa8 {[%emt 0:02:06]} 24. Bb5 {[%emt 0:04:37]} Qa3 {[%emt 0:02:44]} 25. Qd3 {[%emt 0:03:51]} Qb2 {[%emt 0:02:53]} 26. Nd6+ {[%emt 0:03:01]} Kf8 {[%emt 0:00:47]} 27. Qxh7 {[%emt 0:01:36]} Qb3 {[%emt 0:02:09]} 28. Rb1 {[%emt 0:01:46]} Qd5 {[%emt 0:02:19]} 29. Bc4 {[%emt 0:00:18]} 1-0

[Event "82nd Tata Steel Qualifiers 2020"]
[Site "Wijk aan Zee"]
[Date "2020.01.19"]
[Round "3.4"]
[White "Beerdsen, Thomas"]
[Black "Van Dael, Siem"]
[Result "1/2-1/2"]
[WhiteElo "2495"]
[BlackElo "2252"]
[Annotator "TA"]
[PlyCount "57"]
[EventDate "2020.01.18"]
[EventCountry "NED"]
[SourceTitle "playchess.com"]
[Source "ChessBase"]
[SourceQuality "1"]

{[%evp 10,57,32,23,21,27,12,26,44,31,27,51,26,31,42,9,19,10,4,5,10,12,12,4,64,41,53,51,77,23,75,68,66,75,75,80,77,76,71,20,16,0,8,6,77,77,72,0,0,0]} 1. e4 e5 2. Bc4 Nf6 3. d3 c6 4. Nf3 d5 5. Bb3 Bd6 6. exd5 Nxd5 {C24: Bishop's Opening: 2...Nf6} 7. O-O O-O 8. Re1 Bg4 {White has an edge.} 9. h3 Bh5 10. g4 Bg6 11. Nxe5 Bxe5 (11... a5 12. Bd2 a4 13. Bxd5 cxd5 14. Nc3 {0-1 (48) Kovalenko,I (2657)-Fridman,D (2605) Minsk 2017}) 12. Rxe5 Nd7 13. Rxd5 cxd5 14. Bxd5 Qh4 $146 15. Qf3 Nf6 16. Bxb7 Rae8 (16... Rab8 $1 $11) 17. Bd2 $1 $14 h5 18. g5 Nh7 19. Qg3 Qxg3+ (19... Qd4 $11 {keeps the balance.} 20. Nc3 Qb4) 20. fxg3 $16 Rb8 21. Bd5 Rxb2 {[#]} 22. Bb3 $1 {Strongly threatening Bc1.} Rc8 {[#]} 23. Na3 $1 {aiming for Bc1.} Bxd3 24. Re1 ({Better is} 24. Be3 $16 Be4 25. h4) 24... Nf8 $11 {[%cal Rd3c2]} 25. Re7 Bxc2 26. Nxc2 {Threatens to win with Bb4.} Rcxc2 (26... Ng6 $11 27. Rxa7 Rxb3 {[%mdl 64] Remove Defender} 28. axb3 Rxc2) 27. Bxc2 $16 Rxc2 28. Bb4 (28. Be3 $16) 28... a5 $11 29. Bxa5 {Accuracy: White = 71%, Black = 37%.} 1/2-1/2

[Event "82nd Tata Steel Qualifiers 2020"]
[Site "Wijk aan Zee"]
[Date "2020.01.19"]
[Round "3.5"]
[White "Vogel, Roven"]
[Black "Akash G"]
[Result "1-0"]
[WhiteElo "2465"]
[BlackElo "2461"]
[Annotator "TA"]
[PlyCount "137"]
[EventDate "2020.01.18"]
[EventCountry "NED"]
[SourceTitle "playchess.com"]
[Source "ChessBase"]
[SourceQuality "1"]

{[%evp 11,167,10,10,14,15,16,7,0,26,29,44,41,35,29,41,24,29,0,91,98,97,97,97,93,160,104,111,110,101,0,104,52,149,137,154,93,104,69,179,83,192,45,51,37,61,65,82,75,136,48,82,55,75,106,308,308,308,308,308,308,308,308,295,300,300,300,300,287,280,275,405,403,405,404,404,397,427,427,427,427,468,427,515,391,464,464,464,464,475,475,475,427,475,420,464,450,484,0,448,424,424,387,1245,1197,1152,1129,1726,1719,29968,29969,5647,0,2296,911,907,840,1378,1350,1311,1173,964,907,847,0,1100,0,12450,888,872,810,714,700,1585,1541,8368,1531,3552,1999,1451,1213,1733,634,29975,29976,29976,29976,29975,29976,29982,29983,29983,29984,29987,29985,29987,29984,29984,511]} 1. Nf3 Nf6 2. c4 e6 3. Nc3 Bb4 4. Qc2 O-O 5. a3 Bxc3 6. Qxc3 d6 7. b4 {A17: English Opening: 1...Nf6 with ...Bb4} e5 8. d3 (8. Bb2 Re8 9. e3 Bg4 10. Be2 Nbd7 11. d3 c5 12. h3 Bh5 13. O-O b6 14. Rfe1 Rc8 15. Qb3 Qc7 16. b5 Rcd8 17. a4 Nf8 18. Rac1 Qb8 19. g4 Bg6 20. Nh4 d5 21. Nxg6 {½-½ (21) Leitao,R (2606)-Zhigalko,S (2574) Selfoss 2019}) 8... Re8 9. Bb2 {The position is equal.} Nc6 10. e3 d5 11. cxd5 Nxd5 12. Qc5 $146 ({Predecessor:} 12. Qc2 a6 13. Be2 Bg4 14. O-O {½-½ (35) Gorshtein,I (2382)-Poleg,D (2276) Israel 2019}) 12... a6 13. h3 Nb6 14. Nxe5 Nxe5 (14... Rxe5 $11 {remains equal.} 15. Bxe5 Nd7 {[%mdl 64] Double Attack} 16. Bxc7 Qxc7) 15. Bxe5 $16 Nd7 16. Bxc7 Qf6 17. Qc1 b5 (17... Re6 $142) 18. Ra2 (18. Be2 $142) 18... Bb7 19. Rc2 Rac8 20. Rg1 ({Better is} 20. e4 $16) 20... Nf8 (20... Re6 $11 {keeps the balance.}) 21. f4 (21. Be2 $16) 21... Qh4+ (21... Qe7 $1 $14) 22. g3 Qh5 {[#]} 23. Kd2 (23. Bb6 $142 $1) 23... Nd7 24. h4 Nf6 (24... Qf3 $14 25. Qe1 Qg4) 25. Be5 (25. Bh3 $18 {has better winning chances.}) 25... Qf5 (25... Qf3 $16 26. Rxc8 Rxc8) 26. Bg2 ({White should play} 26. Be2 $18) 26... Bxg2 27. Rxg2 Rcd8 28. Bd4 Ng4 {White must now prevent ...Rxe3!} 29. Re2 h5 (29... Nh6 $142) 30. Kc3 (30. Rc5 $16 Qe6 31. Qb2) 30... Re7 31. Qd2 {Hoping for e4.} Red7 32. Kb2 Nxe3 $2 (32... Qd5 $16 {was necessary.}) 33. Bxe3 $18 ({Worse is} 33. Qxe3 Rxd4 34. Rc5 Qd7 $11) 33... Rxd3 34. Qe1 Qf6+ 35. Rc3 Rd1 36. Qf2 Rb1+ 37. Kxb1 Qxc3 38. Bc1 Qb3+ 39. Rb2 Qxa3 40. Qe3 Qxe3 (40... Qd3+ $142 41. Ka2 Kh7) 41. Bxe3 {[%mdl 4096] Endgame KRB-KR} Rd3 42. Bf2 Rc3 43. Ka2 Kh7 44. Re2 Kg6 45. Be1 Rf3 46. Kb2 f6 47. Kc1 Kf5 48. Ra2 Re3 49. Kd1 Re6 50. Re2 Rd6+ 51. Rd2 Re6 52. Rd7 g6 53. Rg7 Re3 54. Rd7 Re6 $1 55. Rd3 Kg4 56. Kd2 f5 $2 (56... Kh3 57. Re3 Rc6) 57. Re3 Rc6 58. Ke2 Kh3 59. Kf3 Rd6 60. Bf2 Rd4 61. Be1 (61. Re1 $142 Rd3+ 62. Be3) 61... Rd6 62. Rc3 (62. Ra3 $142 Re6 63. Bf2) 62... Rd1 63. Kf2 Rd6 64. Rc7 Kh2 65. Re7 Kh3 66. Kf3 Rd3+ 67. Re3 Rd6 $1 68. Bf2 (68. Ra3 $142 Rd1 69. Bf2) 68... Rd4 $1 69. Re1 {Played: Re3-e6} 1-0

[Event "82nd Tata Steel Qualifiers 2020"]
[Site "Wijk aan Zee"]
[Date "2020.01.19"]
[Round "4.1"]
[White "Zwirs, Nico"]
[Black "Suleymanli, Aydin"]
[Result "1/2-1/2"]
[WhiteElo "2418"]
[BlackElo "2473"]
[Annotator "RC"]
[PlyCount "103"]
[EventDate "2020.01.18"]
[EventCountry "NED"]
[SourceTitle "playchess.com"]
[Source "ChessBase"]
[SourceQuality "1"]
[TimeControl "40/6000+30:20/3000+30:900+30"]

1. e4 {[%emt 0:00:00]} e6 {[%emt 0:00:00]} 2. d4 {[%emt 0:00:00]} d5 {[%emt 0:00:00]} 3. Nc3 {[%emt 0:00:20]} Bb4 {[%emt 0:00:00]} 4. e5 {[%emt 0:00:16]} c5 {[%emt 0:00:00]} 5. a3 {[%emt 0:00:17]} Bxc3+ {[%emt 0:00:00]} 6. bxc3 {[%emt 0:00:04]} Qa5 {[%emt 0:00:00]} 7. Bd2 {[%emt 0:01:35]} Qa4 {[%emt 0:00:08]} 8. Qb1 {[%emt 0:03:52]} c4 {[%emt 0:00:12]} 9. Nh3 {[%emt 0:00:07]} Nc6 {[%emt 0:04:33]} 10. Nf4 {[%emt 0:00:11]} Nge7 {[%emt 0:01:56]} 11. Nh5 {[%emt 0:01:43]} Rg8 {[%emt 0:00:17]} 12. g3 {[%emt 0:00:38]} Bd7 {[%emt 0:02:49]} 13. Bh3 {[%emt 0:01:56]} O-O-O {[%emt 0:00:49]} 14. O-O {[%emt 0:00:41]} Rdf8 {[%emt 0:02:25]} 15. Re1 {[%emt 0:00:52]} Kb8 {[%emt 0:25:43]} 16. Qb2 {[%emt 0:03:39]} Ka8 {[%emt 0:01:00]} 17. Rab1 {[%emt 0:02:01]} b6 {[%emt 0:01:54]} 18. Re2 {[%emt 0:03:15]} Ng6 {[%emt 0:27:39]} 19. Kh1 {[%emt 0:04:47]} Nd8 {[%emt 0:02:12]} 20. Rbe1 {[%emt 0:12:59]} f6 {[%emt 0:04:57]} 21. exf6 {[%emt 0:01:31]} gxf6 {[%emt 0:00:02]} 22. Nf4 {[%emt 0:34:37]} e5 {[%emt 0:03:06]} 23. Nxg6 {[%emt 0:07:16]} hxg6 {[%emt 0:00:34]} 24. Bg2 {[%emt 0:00:32]} e4 {[%emt 0:00:57]} 25. Qb4 {[%emt 0:04:39]} Qa6 {[%emt 0:06:53]} 26. f3 {[%emt 0:01:21]} f5 {[%emt 0:01:02]} 27. Rf1 {[%emt 0:05:15]} Re8 {[%emt 0:00:48]} 28. Be3 {[%emt 0:02:54]} Be6 {[%emt 0:03:34]} 29. f4 {[%emt 0:04:43]} Nc6 {[%emt 0:01:33]} 30. Qb2 {[%emt 0:00:08]} b5 {[%emt 0:05:48]} 31. Rb1 {[%emt 0:00:35]} Rb8 {[%emt 0:00:07]} 32. Ree1 {[%emt 0:00:16]} Rg7 {[%emt 0:00:15]} 33. Kg1 {[%emt 0:02:19]} Qc8 {[%emt 0:00:51]} 34. h4 {[%emt 0:01:15]} a5 {[%emt 0:00:36]} 35. Bf1 {[%emt 0:00:30]} Ra7 {[%emt 0:02:17]} 36. Ra1 {[%emt 0:01:24]} Rbb7 {[%emt 0:01:20]} 37. Kf2 {[%emt 0:01:57]} Qf8 {[%emt 0:00:13]} 38. Reb1 {[%emt 0:01:41]} Kb8 {[%emt 0:02:07]} 39. Be2 {[%emt 0:01:05]} Kc8 {[%emt 0:04:11]} 40. Kg2 {[%emt 0:02:20]} Rb8 {[%emt 0:01:43]} 41. Qc1 {[%emt 0:17:32]} Rab7 {[%emt 0:11:20]} 42. Bd1 {[%emt 0:04:15]} b4 {[%emt 0:04:00]} 43. axb4 {[%emt 0:00:28]} axb4 {[%emt 0:00:06]} 44. cxb4 {[%emt 0:01:45]} Rxb4 {[%emt 0:01:24]} 45. Qa3 {[%emt 0:03:44]} Kc7 {[%emt 0:00:09]} 46. Rxb4 {[%emt 0:02:54]} Qxb4 {[%emt 0:04:05]} 47. Qxb4 {[%emt 0:01:49]} Rxb4 {[%emt 0:00:28]} 48. c3 {[%emt 0:03:57]} Rb5 {[%emt 0:13:06]} 49. Kh3 {[%emt 0:06:32]} Rb2 {[%emt 0:03:32]} 50. Bc1 {[%emt 0:00:16]} Rf2 {[%emt 0:00:44]} 51. Be3 {[%emt 0:00:22]} Rb2 {[%emt 0:00:08]} 52. Bc1 {[%emt 0:00:06]} 1/2-1/2

[Event "82nd Tata Steel Qualifiers 2020"]
[Site "Wijk aan Zee"]
[Date "2020.01.20"]
[Round "4.1"]
[White "Van Dael, Siem"]
[Black "Vogel, Roven"]
[Result "1-0"]
[WhiteElo "2252"]
[BlackElo "2465"]
[Annotator "TA"]
[PlyCount "87"]
[EventDate "2020.01.18"]
[EventCountry "NED"]
[SourceTitle "playchess.com"]
[Source "ChessBase"]
[SourceQuality "1"]

{[%evp 9,87,29,38,-19,-20,-29,-30,-35,-21,-20,-12,-18,-18,-18,-19,-25,-7,-17,-16,-20,-12,-29,-17,-58,-44,-62,-52,-54,-53,-97,-49,-56,-66,-66,-64,-65,-14,-8,-11,-8,-12,-27,-21,-42,0,-7,159,162,179,23,160,125,186,187,231,223,208,230,226,215,195,176,212,217,310,307,282,293,395,383,595,603,565,560,878,857,903,930,1329,1301]} 1. e4 c5 2. Nf3 d6 3. d4 cxd4 4. Nxd4 Nf6 5. Nc3 Nc6 6. Nd5 $146 {B56: Classical Sicilian: Unusual Lines} (6. Bg5 $14) (6. Bg5 e6 7. Qd2 a6 8. O-O-O Bd7 9. f3 Nxd4 10. Qxd4 h6 11. Bh4 Rc8 12. Kb1 Be7 13. g4 b5 14. Bg3 e5 15. Qe3 Qc7 16. Bd3 Be6 17. h4 Qa5 18. g5 {1-0 (60) Robson,R (2667)-Caruana,F (2828) chess.com INT 2019}) 6... Nxd5 $11 7. exd5 Qa5+ {[%mdl 64] Double Attack} 8. Bd2 {Black has an edge.} Qxd5 9. Nb5 $1 {[%cal Rb5c7] And now Nc7+ would win.} Qe6+ 10. Be2 {Black must now prevent Nc7+.} Qd7 $1 11. c4 a6 12. Nc3 e6 13. Be3 Be7 14. O-O Rb8 15. Rb1 O-O 16. b4 {[%cal Bb2b4,Bb4b5][%mdl 32]} Qc7 17. b5 Ne5 18. Qb3 {bxa6 is the strong threat.} b6 19. Na4 a5 20. Rfd1 Nd7 21. Bd4 e5 22. Be3 Bb7 (22... Kh8 $15) 23. Bg4 $1 Be4 24. Rbc1 Nf6 25. f3 Ba8 26. Bh3 Rfd8 27. Qb2 Nd7 $2 {[#]} (27... d5 $11) 28. Bxd7 $1 $16 Rxd7 29. Bxb6 $2 ({Only move:} 29. Qf2 $18) 29... Qc8 (29... Rxb6 $11 {remains equal.} 30. Nxb6 Qxb6+ 31. c5 Qb8) 30. Be3 $36 {[%mdl 2048] Black is under strong pressure.} ({Worse is} 30. Bxa5 Ra7 $15) 30... Rc7 (30... Qd8 $16) 31. Nb6 $18 Qe6 32. Nxa8 Rxa8 {[#]} 33. b6 $1 {[%cal Rb6c7]} Rb7 34. Qb5 h5 35. h3 a4 36. Qc6 Qc8 (36... Rab8 $142 37. Rb1 (37. Qxa4 Bd8 $14) 37... a3) 37. Rxd6 Bxd6 38. Qxd6 Qe8 39. Qd5 Rab8 (39... Rd7 $142 40. Qe4 f5 41. Qxf5 Rd6) 40. c5 {White is clearly winning.} Qb5 {[%cal Rb7b6] White should prevent ...Rxb6!} 41. Qe4 a3 42. Rb1 Qe2 43. c6 Re7 44. c7 {Played: Be3-c5} 1-0